000 00866na a2200277 4500
001 18847
003 MIRAKIL
005 20181213155050.0
008 161205b tu 000 0
020 _a9758898221
020 _a9758898191 (tkm. no.)
040 _aMilas
_btur
_cTR-AnCHP
041 _atur
082 _a363.7289
_bT96 2007
090 _a363.7289 T96 2007
245 _aTürkiye Büyük Millet Meclisi Araştırma Komisyonu raporu
_cTürkiye Atom Enerjisi Kurumu (TAEK)
246 _a7. yılında Çernobil
250 _a2. bs.
260 _aAnkara
_bTürkiye Atom Enerjisi Kurumu (TAEK)
_c2007
300 _a102 s.
_bgrf. , tbl.
_c24 sm.
490 _aÇernobil serisi
_v3
610 _aTBMM
_bAraştırma Komisyonu
_xRaporlar
650 _aÇernobil Nükleer Kazası
_zTürkiye
651 _aTürkiye
_xAraştırma raporu
942 _2ddc
_cBKS
999 _c5879
_d5879